[Event "EU-ch U10"]
[Site "Bratislava"]
[Date "2019.08.10"]
[Round "9"]
[White "Plomp, Mateo"]
[Black "Tichy, Tomas"]
[Result "1-0"]
[WhiteElo "1416"]
[BlackElo "1325"]
[PlyCount "58"]
[EventDate "2019.08.02"]
[EventType "swiss"]
[EventRounds "9"]
[EventCountry "SVK"]
[SourceTitle "EXT 2020"]
[Source "ChessBase"]
[SourceDate "2019.10.17"]
[SourceVersion "1"]
[SourceVersionDate "2019.10.17"]
[SourceQuality "1"]

1. e4 c5 2. Nc3 g6 3. f4 Bg7 4. Nf3 Nc6 5. Bb5 Nf6 6. Bxc6 bxc6 7. d3 0-0 8. 0-0 d5 9. e5 Ne8 10. Na4 Qa5 11. c4 f6 12. exf6 Nxf6 13. Bd2 Qa6 14. Nxc5 Qb6 15. d4 dxc4 16. Qc2 Bf5 17. Qxc4+ Kh8 18. Qb3 Qc7 19. Ne5 Rab8 20. Qa3 Qb6 21. Bc3 Bh6 22. g4 Bxg4 23. Nxg4 Nxg4 24. Nd7 Qc7 25. Nxb8 Rxb8 26. h3 Ne3 27. d5+ Bg7 28. Bxg7+ Kxg7 29. Qxe3 Kg8 1-0

[Event "EU-ch U10"]
[Site "Bratislava"]
[Date "2019.08.08"]
[Round "7"]
[White "Plomp, Mateo"]
[Black "Artissi, Albert"]
[Result "0-1"]
[WhiteElo "1416"]
[BlackElo "1292"]
[PlyCount "89"]
[EventDate "2019.08.02"]
[EventType "swiss"]
[EventRounds "9"]
[EventCountry "SVK"]
[SourceTitle "EXT 2020"]
[Source "ChessBase"]
[SourceDate "2019.10.17"]
[SourceVersion "1"]
[SourceVersionDate "2019.10.17"]
[SourceQuality "1"]

1. e4 c5 2. Nc3 e6 3. Nf3 a6 4. d4 cxd4 5. Nxd4 b5 6. a3 Bb7 7. Be3 g6 8. Qd2 Bg7 9. Be2 Ne7 10. 0-0 0-0 11. f3 Nbc6 12. Rad1 Qc7 13. Nxc6 Bxc6 14. Bc5 Rfe8 15. Bd4 e5 16. Be3 Rad8 17. Nd5 Nxd5 18. exd5 Bb7 19. d6 Qc6 20. b4 e4 21. Bc5 Ba8 22. Kh1 h5 23. Rfe1 e3 24. Qd3 Re6 25. Bxe3 Qc3 26. Bc5 Rde8 27. Bf2 Kh7 28. Kg1 Rxe2 29. Qxc3 Bxc3 30. Rxe2 Rxe2 31. Kf1 Rxc2 32. Rd3 Rc1+ 33. Ke2 Be5 34. Bc5 Rc2+ 35. Kf1 Bxh2 36. Re3 Bd5 37. Re7 Bg3 38. Be3 Bc4+ 39. Kg1 Ra2 40. Bd4 Rd2 41. Bc3 Rd1+ 42. Be1 Bxe1 43. Kh2 Be6 44. g4 hxg4 45. fxg4 0-1

[Event "EU-ch U10"]
[Site "Bratislava"]
[Date "2019.08.03"]
[Round "2"]
[White "Plomp, Mateo"]
[Black "Yakimuk, Pavel"]
[Result "1-0"]
[WhiteElo "1416"]
[BlackElo "1094"]
[PlyCount "77"]
[EventDate "2019.08.02"]
[EventType "swiss"]
[EventRounds "9"]
[EventCountry "SVK"]
[SourceTitle "EXT 2020"]
[Source "ChessBase"]
[SourceDate "2019.10.17"]
[SourceVersion "1"]
[SourceVersionDate "2019.10.17"]
[SourceQuality "1"]

1. e4 d5 2. exd5 Qxd5 3. Nf3 c6 4. Be2 Qa5 5. 0-0 Bf5 6. d4 e6 7. Bf4 Nd7 8. a3 Ngf6 9. c4 Be7 10. Nc3 0-0 11. Re1 Rad8 12. b4 Qa6 13. Bc7 Rc8 14. b5 cxb5 15. cxb5 Qxa3 16. Rxa3 Bxa3 17. Qb3 Rxc7 18. Qxa3 Rfc8 19. Na2 b6 20. Nb4 Be4 21. Nd2 Rc3 22. Qxa7 Rc1 23. Rf1 R1c3 24. Nxe4 Nxe4 25. Qxd7 R3c7 26. Qxc7 Rxc7 27. Nc6 Nc3 28. Bd3 Kf8 29. Ra1 f6 30. Ra3 Nd5 31. Bxh7 Nf4 32. g3 Nd5 33. Bg6 Rc8 34. Ra7 Nc3 35. Rf7+ Kg8 36. Ne7+ Kh8 37. Nxc8 Ne2+ 38. Kf1 Ng1 39. Rf8# 1-0